000 01530nam a22003851i 4500
001 20557
003 CZ PrNK
005 20260126123055.0
007 ta
008 011220s1954 xo c 000 | slo
020 _q(Vázáno) :
_cKčs 44,00
040 _aABA001
_bcze
_cABA001
_dABA001
_erda
041 1 _aslo
_hger
100 1 _aGoethe, Johann Wolfgang von,
_d1749-1832
_4aut
240 1 0 _aWilhelm Meisters Lehrjahre.
_lSlovensky
245 1 0 _aUčňovské roky Wilhelma Meistera /
_cJohann Wolfgang Goethe ; [preložila a poznámky napísala Viktória Hornáková ; štúdiu napísal Elemír Terray ; verše prebásnil Viliam Turčány]
250 _aI. vydanie
264 1 _aBratislava :
_bSlovenské vydavateľstvo krásnej literatúry,
_c1954
300 _a576 stran :
_b1 portrét ;
_c21 cm
336 _atext
_btxt
_2rdacontent
337 _abez média
_bn
_2rdamedia
338 _asvazek
_bnc
_2rdacarrier
490 1 _aVýber z diela Johanna Wolfganga Goetheho ;
_vzväzok 1
490 1 _aEdícia svetových klasikov ;
_v38. zväzok
500 _a3000 výtisků
500 _aPřeloženo z němčiny
504 _aObsahuje bibliografické odkazy
700 1 _aHornáková, Viktória,
_d1909-1983
_4trl
_4cwt
700 1 _aTerray, Elemír,
_d1922-
_4aut
700 1 _aTurčány, Viliam,
_d1928-2021
_4trl
800 1 _aGoethe, Johann Wolfgang von,
_d1749-1832.
_tVýber z diela
830 0 _aEdícia svetových klasikov (Slovenské vydavateľstvo krásnej literatúry)
910 _aABA001
942 _2ddc
_cKLDO
_n0
999 _c20557
_d20557